000 00250nam a2200121Ia 4500
100 _aKellaway/F/w
942 _cBK
654 _aPlastics
245 _aIntroducing Plastics
260 _bJohn Crowther
_c2001
082 _a668.4
546 _aENGLISH
999 _c22441
_d22441